banner-ar

السينما المعاصرة / (Record no. 52003)

MARC details
000 -الفاتح
حقل البيانات ثابتة الطول 00657nam a2200205Ia 4500
005 - وقت وتاريخ اخر تعامل مع التسجيلة
رقم الضبط 20240530104941.0
008 - عناصر البيانات ثابتة الطول - معلومات عامة
حقل البيانات ثابتة الطول 140319s9999 xx 000 0 ara d
040 ## - مصدر الفهرسة
وكالة الفهرسة الأصلية GCL /
وكالة النسخ GCL
082 04 - رقم تصنيف ديوى العشرى
رقم التصنيف 791.43
رقم المادة ل س
100 1# - المدخل الرئيسى - إسم شخصى
الإسم الشخصى لافون، روبرت
245 10 - بيان العنوان
العنوان السينما المعاصرة /
بيان المسئوليه,etc لافون، روبرت ، جرامون ؛ ترجمة موسى بدوى
300 ## - الوصف المادى
التعداد 142 ص
490 ## - بيان السلسلة
عنوان السلسلة قضايا الساعة
رقم المجلد/ التعيين التسلسلي 0
650 04 - المدخل الاضافى بالموضوع-مصطلح موضوعى
مصطلح موضوعي الاخراج السينمائى
650 04 - المدخل الاضافى بالموضوع-مصطلح موضوعى
مصطلح موضوعي سينما
650 04 - المدخل الاضافى بالموضوع-مصطلح موضوعى
مصطلح موضوعي السينما - الجوانب الاخلاقية
700 1# - المدخل الاضافى - اسم شخصى
الإسم الشخصى موسى بدوى
التواريخ المصاحبة للاسم مترجم
942 ## - عناصر المدخل الإضافي( كوها)
مصدر التصنيف او مخطط الترفيف Dewey Decimal Classification
Koha [default] item type كتاب
Holdings
حالة التراجع حالة الفقد حالة تلف ليس للاعارة المكان المؤقت الموقع الحالى تاريخ الاكتساب اجمالي اﻻعارات رقم الطلب الباركود تاريخ اخر مشاهدة تاريخ تفعيل السعر نوع وعاء كوها
        مكتبة القاهرة الكبرى مكتبة القاهرة الكبرى 03/26/2014   791.43\ل س 124462 03/26/2014 03/26/2014 كتاب

Powered By

EGPV